[Event "Gatwick e2e4 int op-B"]
[Site "Gatwick"]
[Date "2011.10.27"]
[Round "3"]
[White "Quinn, Joseph R"]
[Black "Crouch, Timothy J"]
[Result "1/2-1/2"]
[WhiteElo "1834"]
[BlackElo "1641"]
[PlyCount "58"]
[EventDate "2011.10.26"]
[EventType "swiss"]
[EventRounds "9"]
[EventCountry "ENG"]
[SourceTitle "EXT 2014"]
[Source "ChessBase"]
[SourceDate "2013.11.20"]
[SourceVersion "1"]
[SourceVersionDate "2013.11.20"]
[SourceQuality "1"]

1. e4 c5 2. Nf3 d6 3. d4 cxd4 4. Nxd4 Nf6 5. Nc3 g6 6. Be2 Bg7 7. Be3 Bd7 8. 0-0 Nc6 9. Kh1 0-0 10. f4 Nxd4 11. Bxd4 Bc6 12. Bd3 e6 13. f5 e5 14. Be3 d5 15. Bg5 dxe4 16. Bxf6 Bxf6 17. Bxe4 Bxe4 18. Nxe4 Qb6 19. fxg6 fxg6 20. Qd5+ Kg7 21. Nxf6 Rxf6 22. Qxe5 Raf8 23. Rxf6 Qxf6 24. Qxf6+ Rxf6 25. Kg1 b6 26. Rd1 Rf7 27. b3 Kh6 28. c4 Kg5 29. Rd5+ Kf4 1/2-1/2

[Event "BCF-chT3 1011 (4NCL)"]
[Site "England"]
[Date "2011.03.27"]
[Round "8.42"]
[White "Flynn, David"]
[Black "Quinn, Joseph R"]
[Result "1/2-1/2"]
[WhiteElo "2037"]
[BlackElo "1828"]
[PlyCount "58"]
[EventDate "2010.11.06"]
[EventType "team-swiss"]
[EventRounds "9"]
[EventCountry "ENG"]
[SourceTitle "EXT 2012"]
[Source "ChessBase"]
[SourceDate "2011.11.24"]
[SourceVersion "1"]
[SourceVersionDate "2011.11.24"]
[SourceQuality "1"]
[WhiteTeam "e2e4.org.uk III"]
[BlackTeam "Guildford A&DC IV"]
[WhiteTeamCountry "ENG"]
[BlackTeamCountry "ENG"]

1. e4 e5 2. Nf3 Nc6 3. Bb5 a6 4. Ba4 Nf6 5. 0-0 Be7 6. Re1 b5 7. Bb3 0-0 8. c3 d5 9. exd5 Nxd5 10. Nxe5 Nxe5 11. Rxe5 c6 12. d4 Bd6 13. Re1 Qh4 14. g3 Qh3 15. Bxd5 cxd5 16. Qf3 Be6 17. Be3 Rae8 18. Nd2 Bg4 19. Qg2 Qh5 20. f3 Bh3 21. Qf2 f5 22. f4 Bg4 23. Qg2 Qf7 24. Bf2 g5 25. Rxe8 Rxe8 26. Re1 Rxe1+ 27. Bxe1 gxf4 28. gxf4 Qe6 29. Bg3 Qe3+ 1/2-1/2

[Event "BCF-chT3 1011 (4NCL)"]
[Site "England"]
[Date "2011.02.19"]
[Round "5.43"]
[White "Quinn, Joseph R"]
[Black "Carpenter, Richard"]
[Result "1-0"]
[WhiteElo "1827"]
[BlackElo "1914"]
[PlyCount "55"]
[EventDate "2010.11.06"]
[EventType "team-swiss"]
[EventRounds "9"]
[EventCountry "ENG"]
[SourceTitle "EXT 2012"]
[Source "ChessBase"]
[SourceDate "2011.11.24"]
[SourceVersion "1"]
[SourceVersionDate "2011.11.24"]
[SourceQuality "1"]
[WhiteTeam "Guildford A&DC IV"]
[BlackTeam "Channel Isolani"]
[WhiteTeamCountry "ENG"]
[BlackTeamCountry "ENG"]

1. e4 g6 2. Nc3 Bg7 3. d4 d6 4. Bc4 Nf6 5. Nf3 Bg4 6. h3 Bxf3 7. Qxf3 Nbd7 8. Be3 c6 9. 0-0-0 e6 10. Bf4 Nb6 11. Bb3 a5 12. a4 0-0 13. Bg5 Nxa4 14. Bxa4 b5 15. e5 bxa4 16. Nxa4 dxe5 17. dxe5 Qb8 18. Bxf6 Qb5 19. Bxg7 Kxg7 20. Qf6+ Kg8 21. b3 Qb4 22. h4 h5 23. g4 Qa3+ 24. Kb1 Rab8 25. Rd4 Rxb3+ 26. cxb3 Qxb3+ 27. Nb2 Rb8 28. Rd8+ 1-0

[Event "Hastings Masters op 86th"]
[Site "Hastings"]
[Date "2010.12.30"]
[Round "3"]
[White "Torgersen, Markus"]
[Black "Quinn, Joseph R"]
[Result "1/2-1/2"]
[WhiteElo "1741"]
[BlackElo "1815"]
[PlyCount "67"]
[EventDate "2010.12.28"]
[EventType "swiss"]
[EventRounds "9"]
[EventCountry "ENG"]
[SourceTitle "CBM 140 Extra"]
[Source "ChessBase"]
[SourceDate "2011.03.01"]
[SourceVersion "1"]
[SourceVersionDate "2011.03.01"]
[SourceQuality "1"]

1. c4 e5 2. g3 Nc6 3. Nc3 Nf6 4. Bg2 d6 5. e3 g6 6. Nge2 Bg7 7. 0-0 0-0 8. d3 Ne7 9. b4 c6 10. f4 exf4 11. exf4 Ng4 12. h3 Qb6+ 13. d4 Nh6 14. Rb1 Rd8 15. Be3 Qa6 16. b5 Qa5 17. Qd2 c5 18. Nd5 Qxd2 19. Nxe7+ Kf8 20. Nxg6+ hxg6 21. Bxd2 cxd4 22. g4 Ng8 23. Rfd1 Re8 24. Ng3 Rb8 25. Bb4 Rd8 26. Be1 Be6 27. Bf1 Rbc8 28. Rbc1 Rc7 29. Bf2 Rdc8 30. Ne4 d5 31. Nd6 Rd8 32. cxd5 Rxc1 33. Rxc1 Bxd5 34. Nc8 1/2-1/2

[Event "Uxbridge op"]
[Site "London"]
[Date "2010.10.27"]
[Round "7"]
[White "Quinn, Joseph R"]
[Black "Kennedy, Craig"]
[Result "0-1"]
[WhiteElo "1808"]
[BlackElo "2031"]
[PlyCount "52"]
[EventDate "2010.10.24"]
[EventType "swiss"]
[EventRounds "9"]
[EventCountry "ENG"]
[SourceTitle "EXT 2011"]
[Source "ChessBase"]
[SourceDate "2010.11.26"]
[SourceVersion "1"]
[SourceVersionDate "2010.11.26"]
[SourceQuality "1"]

1. e4 g6 2. d4 Bg7 3. Nc3 d6 4. Be3 Nc6 5. Nf3 Bg4 6. Bb5 a6 7. Bxc6+ bxc6 8. h3 Bd7 9. 0-0 Nf6 10. Qd2 0-0 11. Rfe1 Rb8 12. Rab1 Nh5 13. a3 Qc8 14. Bh6 Bxh3 15. gxh3 Qxh3 16. Bxg7 Qg4+ 17. Kf1 Qxf3 18. Kg1 Kxg7 19. Re3 Qg4+ 20. Kh1 f5 21. exf5 Nf4 22. Rg3 Qh4+ 23. Kg1 Rxf5 24. Qe3 Rh5 25. Qf3 Rf8 26. Qxc6 Nh3+ 0-1

[Event "Uxbridge op"]
[Site "London"]
[Date "2010.10.27"]
[Round "6"]
[White "Willmoth, Robert"]
[Black "Quinn, Joseph R"]
[Result "1-0"]
[WhiteElo "2214"]
[BlackElo "1808"]
[PlyCount "53"]
[EventDate "2010.10.24"]
[EventType "swiss"]
[EventRounds "9"]
[EventCountry "ENG"]
[SourceTitle "EXT 2011"]
[Source "ChessBase"]
[SourceDate "2010.11.26"]
[SourceVersion "1"]
[SourceVersionDate "2010.11.26"]
[SourceQuality "1"]

1. e4 e5 2. Nc3 Nf6 3. g3 Bc5 4. Bg2 d6 5. Na4 Bb6 6. Ne2 Nc6 7. 0-0 0-0 8. Nxb6 axb6 9. d4 exd4 10. Nxd4 Nxd4 11. Qxd4 h6 12. b3 Re8 13. Bb2 Ra5 14. c4 Rh5 15. Rfe1 Bh3 16. Bh1 Qd7 17. Rad1 Qg4 18. f3 Qg6 19. Qc3 Rg5 20. f4 Rg4 21. Qf3 Nh5 22. f5 Qg5 23. Bc1 Qf6 24. Bg2 Bxg2 25. Kxg2 Rg5 26. Bxg5 Qxg5 27. h4 1-0

[Event "Uxbridge op"]
[Site "London"]
[Date "2010.10.26"]
[Round "5"]
[White "Quinn, Joseph R"]
[Black "Smith, Andrew Philip"]
[Result "0-1"]
[WhiteElo "1808"]
[BlackElo "2190"]
[PlyCount "70"]
[EventDate "2010.10.24"]
[EventType "swiss"]
[EventRounds "9"]
[EventCountry "ENG"]
[SourceTitle "EXT 2011"]
[Source "ChessBase"]
[SourceDate "2010.11.26"]
[SourceVersion "1"]
[SourceVersionDate "2010.11.26"]
[SourceQuality "1"]

1. e4 e5 2. Nf3 d6 3. Bc4 Qf6 4. Nc3 c6 5. d4 h6 6. dxe5 dxe5 7. h3 Bc5 8. Qd3 Ne7 9. Be3 Nd7 10. 0-0-0 Bxe3+ 11. Qxe3 0-0 12. Rd2 Nb6 13. Bb3 Be6 14. Rhd1 Ng6 15. Rd6 Nc8 16. R6d2 Nf4 17. g4 Nxh3 18. Nxe5 Qxe5 19. Qxh3 Qf4 20. Bxe6 fxe6 21. Kb1 Nb6 22. g5 Qxg5 23. Qxe6+ Kh8 24. Re2 Rae8 25. Qh3 Nc4 26. Qh2 Qc5 27. Rd3 Ne5 28. Rg3 Qd4 29. Qh5 Rd8 30. a3 Rf6 31. f4 Rxf4 32. Reg2 Nf7 33. Rxg7 Rf1+ 34. Ka2 Qc4+ 35. b3 Qxc3 0-1

[Event "BCF-chT2d 0910 (4NCL) Demotion pool"]
[Site "England"]
[Date "2010.03.28"]
[Round "8.5"]
[White "Quinn, Joseph R"]
[Black "Headlong, Timothy"]
[Result "1/2-1/2"]
[WhiteElo "1803"]
[BlackElo "2188"]
[PlyCount "38"]
[EventDate "2009.10.24"]
[EventType "team-tourn"]
[EventRounds "4"]
[EventCountry "ENG"]
[SourceTitle "EXT 2010"]
[Source "ChessBase"]
[SourceDate "2010.11.25"]
[SourceVersion "1"]
[SourceVersionDate "2010.11.25"]
[SourceQuality "1"]
[WhiteTeam "Guildford III"]
[BlackTeam "Brown Jack"]
[WhiteTeamCountry "ENG"]
[BlackTeamCountry "ENG"]

1. e4 c5 2. Nf3 Nc6 3. d4 cxd4 4. Nxd4 g6 5. Nc3 Bg7 6. Be3 Nf6 7. Be2 0-0 8. 0-0 d5 9. exd5 Nxd5 10. Nxd5 Qxd5 11. Bf3 Qa5 12. Nxc6 bxc6 13. c3 Rb8 14. b4 Qc7 15. Qa4 Bxc3 16. Rac1 Bxb4 17. Bxa7 Ra8 18. Qxb4 Qxa7 19. Rxc6 Qxa2 1/2-1/2

[Event "EU Union-ch U14 7th"]
[Site "Mureck"]
[Date "2009.08.13"]
[Round "9"]
[White "Quinn, Joseph R"]
[Black "Menezes, Christoph"]
[Result "1/2-1/2"]
[WhiteElo "1852"]
[BlackElo "1797"]
[PlyCount "54"]
[EventDate "2009.08.05"]
[EventType "swiss"]
[EventRounds "9"]
[EventCountry "AUT"]
[SourceTitle "CBM 132 Extra"]
[Source "ChessBase"]
[SourceDate "2009.11.03"]
[SourceVersion "1"]
[SourceVersionDate "2009.11.03"]
[SourceQuality "1"]

1. e4 e5 2. Nf3 Nc6 3. Bc4 Nf6 4. d4 exd4 5. e5 d5 6. Bb5 Ne4 7. Nxd4 Bd7 8. Bxc6 bxc6 9. 0-0 Bc5 10. Be3 Bb6 11. f3 Ng5 12. f4 Ne4 13. Nd2 Nxd2 14. Qxd2 c5 15. Nb3 d4 16. Bf2 Bc6 17. f5 Qd5 18. Qg5 h6 19. Qg4 0-0-0 20. a4 a5 21. f6+ Bd7 22. Qe2 c4 23. Nc1 Bc6 24. Qg4+ Bd7 25. Qe2 Bc6 26. Qg4+ Bd7 27. Qe2 Bc6 1/2-1/2

[Event "South Wales op 6th"]
[Site "Treforest"]
[Date "2009.07.16"]
[Round "8"]
[White "Bridges, Paul"]
[Black "Quinn, Joseph R"]
[Result "1/2-1/2"]
[WhiteElo "1884"]
[BlackElo "1852"]
[PlyCount "55"]
[EventDate "2009.07.11"]
[EventType "swiss"]
[EventRounds "9"]
[EventCountry "WLS"]
[SourceTitle "CBM 131 Extra"]
[Source "ChessBase"]
[SourceDate "2009.09.03"]
[SourceVersion "2"]
[SourceVersionDate "2009.09.16"]
[SourceQuality "1"]

1. e4 e5 2. Bc4 Nf6 3. d3 Nc6 4. Nf3 Bc5 5. 0-0 d6 6. Bg5 h6 7. Be3 Bb6 8. c3 0-0 9. Nbd2 Qe7 10. Qe2 Bxe3 11. Qxe3 Na5 12. Bb5 a6 13. Ba4 Ng4 14. Qe2 b5 15. Bc2 c5 16. h3 Nf6 17. Nh2 Nc6 18. g4 Nh7 19. Nhf3 h5 20. Nh2 Qh4 21. Kg2 Ng5 22. Qe3 hxg4 23. hxg4 Ne6 24. Qg3 Nf4+ 25. Kh1 Qh6 26. Ndf3 Ne7 27. Qh4 Qxh4 28. Nxh4 1/2-1/2

[Event "South Wales op 6th"]
[Site "Treforest"]
[Date "2009.07.15"]
[Round "7"]
[White "Quinn, Joseph R"]
[Black "Waterfield, John"]
[Result "1-0"]
[WhiteElo "1852"]
[BlackElo "2019"]
[PlyCount "55"]
[EventDate "2009.07.11"]
[EventType "swiss"]
[EventRounds "9"]
[EventCountry "WLS"]
[SourceTitle "CBM 131 Extra"]
[Source "ChessBase"]
[SourceDate "2009.09.03"]
[SourceVersion "2"]
[SourceVersionDate "2009.09.16"]
[SourceQuality "1"]

1. e4 c5 2. Nf3 g6 3. d4 cxd4 4. Nxd4 Nc6 5. Nc3 Bg7 6. Be3 Nf6 7. Be2 0-0 8. 0-0 d6 9. Kh1 Kh8 10. f4 Qb6 11. Qd3 Ng4 12. Bxg4 Bxd4 13. Nd5 Qxb2 14. Rab1 Bxg4 15. Rxb2 Bxb2 16. c3 Ba3 17. f5 e6 18. Nf6 Ne5 19. Qd2 exf5 20. Bh6 Rfd8 21. Bf8 Nd7 22. Nxd7 Rxd7 23. Qd4+ f6 24. Qxf6+ Kg8 25. Be7 Rxe7 26. Qxe7 Rf8 27. Qxb7 Be2 28. Qb3+ 1-0

[Event "BCF-chT2c 0809 (4NCL) Promotion pool"]
[Site "Hinckley Island"]
[Date "2009.05.03"]
[Round "11.8"]
[White "Burrows, Martin P"]
[Black "Quinn, Joseph R"]
[Result "1-0"]
[WhiteElo "2216"]
[BlackElo "1881"]
[PlyCount "71"]
[EventDate "2008.10.04"]
[EventType "team-tourn"]
[EventRounds "4"]
[EventCountry "ENG"]
[SourceTitle "EXT 2010"]
[Source "ChessBase"]
[SourceDate "2010.11.25"]
[SourceVersion "1"]
[SourceVersionDate "2010.11.25"]
[SourceQuality "1"]
[WhiteTeam "Pandoras Box"]
[BlackTeam "Guildford III"]
[WhiteTeamCountry "ENG"]
[BlackTeamCountry "ENG"]

1. e4 e5 2. Bc4 Nf6 3. d4 exd4 4. Nf3 Nc6 5. e5 d5 6. Bb5 Ne4 7. Nxd4 Bd7 8. Bxc6 bxc6 9. 0-0 Bc5 10. f3 Ng5 11. Be3 0-0 12. Qd2 Ne6 13. Nxe6 Bxe3+ 14. Qxe3 Bxe6 15. c3 Bf5 16. Nd2 Re8 17. Rfe1 Qe7 18. Nb3 Qe6 19. Qc5 Qg6 20. Kh1 a6 21. Nd4 Bd7 22. f4 Rab8 23. b4 Rb6 24. a4 h6 25. a5 Rb7 26. Re3 Qg4 27. Rf1 Qg6 28. Rfe1 Qg4 29. Rf1 Qg6 30. h3 Kh7 31. Kh2 Qh5 32. Nb3 Rb5 33. Qd4 Qf5 34. Qd2 Rb7 35. Nc5 Rb5 36. g4 1-0

[Event "Southend op"]
[Site "Southend"]
[Date "2009.04.13"]
[Round "7"]
[White "Quinn, Joseph R"]
[Black "Combie, Alexander"]
[Result "0-1"]
[WhiteElo "1881"]
[BlackElo "1944"]
[PlyCount "70"]
[EventDate "2009.04.10"]
[EventType "swiss"]
[EventRounds "7"]
[EventCountry "ENG"]
[SourceTitle "CBM 130 Extra"]
[Source "ChessBase"]
[SourceDate "2009.07.02"]
[SourceVersion "2"]
[SourceVersionDate "2009.07.15"]
[SourceQuality "1"]

1. e4 c5 2. Nf3 d6 3. d4 cxd4 4. Nxd4 Nf6 5. Nc3 a6 6. Be2 e5 7. Nb3 Be7 8. Be3 0-0 9. 0-0 Be6 10. f4 exf4 11. Bxf4 Nc6 12. Nd4 Qb6 13. Be3 Qxb2 14. Qd2 Nxd4 15. Bxd4 Qa3 16. Rab1 b5 17. Qg5 h6 18. Qg3 Kh8 19. Qh4 Ng8 20. Qg3 Bf6 21. Bxf6 Nxf6 22. Rf3 Qc5+ 23. Kh1 b4 24. Nd1 Nxe4 25. Qf4 Ng5 26. Rg3 Qxc2 27. Bd3 Qxa2 28. Rxg5 hxg5 29. Qxg5 f5 30. Qh4+ Kg8 31. Qxb4 Rab8 32. Qxd6 Rxb1 33. Bxb1 Qd5 34. Qxd5 Bxd5 35. Ne3 Re8 0-1

[Event "Southend op"]
[Site "Southend"]
[Date "2009.04.12"]
[Round "6"]
[White "Jones, Chris S"]
[Black "Quinn, Joseph R"]
[Result "1/2-1/2"]
[WhiteElo "2070"]
[BlackElo "1881"]
[PlyCount "43"]
[EventDate "2009.04.10"]
[EventType "swiss"]
[EventRounds "7"]
[EventCountry "ENG"]
[SourceTitle "CBM 130 Extra"]
[Source "ChessBase"]
[SourceDate "2009.07.02"]
[SourceVersion "2"]
[SourceVersionDate "2009.07.15"]
[SourceQuality "1"]

1. e4 e5 2. Bc4 Nf6 3. d3 Nc6 4. Nf3 Bc5 5. c3 a6 6. b4 Ba7 7. Nbd2 d6 8. 0-0 0-0 9. h3 h6 10. a4 Be6 11. Bb3 Qd7 12. Bxe6 fxe6 13. Nc4 Qf7 14. Be3 Nh5 15. Bxa7 Rxa7 16. Ne3 Nf4 17. Ne1 Qg6 18. Kh2 Raa8 19. Ra2 d5 20. g3 Nh5 21. exd5 exd5 22. Nxd5 1/2-1/2

[Event "Southend op"]
[Site "Southend"]
[Date "2009.04.11"]
[Round "3"]
[White "Amato, Giampiero"]
[Black "Quinn, Joseph R"]
[Result "1-0"]
[WhiteElo "1987"]
[BlackElo "1881"]
[PlyCount "69"]
[EventDate "2009.04.10"]
[EventType "swiss"]
[EventRounds "7"]
[EventCountry "ENG"]
[SourceTitle "CBM 130 Extra"]
[Source "ChessBase"]
[SourceDate "2009.07.02"]
[SourceVersion "2"]
[SourceVersionDate "2009.07.15"]
[SourceQuality "1"]

1. e4 e5 2. Nf3 Nc6 3. Bb5 a6 4. Ba4 Nf6 5. 0-0 Be7 6. Re1 b5 7. Bb3 0-0 8. h3 d6 9. c3 Na5 10. Bc2 c5 11. d4 cxd4 12. cxd4 Nc6 13. Nbd2 Bb7 14. d5 Nb4 15. Bb1 a5 16. Nf1 Qc7 17. a3 Na6 18. Ng3 Nc5 19. Nf5 Bc8 20. N3h4 Bxf5 21. Nxf5 Rfe8 22. Bg5 Ncd7 23. Bd3 Nxd5 24. exd5 Bxg5 25. Qg4 Bf6 26. Bxb5 Red8 27. Rac1 Nc5 28. b4 axb4 29. axb4 Qb6 30. bxc5 Qxb5 31. Nxd6 Qb3 32. Ne4 Kh8 33. d6 Ra4 34. c6 Rxd6 35. c7 1-0

[Event "Uxbridge op"]
[Site "Denham"]
[Date "2009.02.22"]
[Round "4"]
[White "Quinn, Joseph R"]
[Black "Ali, Golam Shabbir"]
[Result "1-0"]
[WhiteElo "1835"]
[BlackElo "1845"]
[PlyCount "65"]
[EventDate "2009.02.20"]
[EventType "swiss"]
[EventRounds "5"]
[EventCountry "ENG"]
[SourceTitle "EXT 2011"]
[Source "ChessBase"]
[SourceDate "2010.11.26"]
[SourceVersion "1"]
[SourceVersionDate "2010.11.26"]
[SourceQuality "1"]

1. e4 c5 2. Nf3 d6 3. d4 cxd4 4. Nxd4 Nf6 5. Nc3 a6 6. Be2 Nc6 7. Be3 e6 8. a4 Be7 9. f4 Qc7 10. Qd2 0-0 11. 0-0 b6 12. Nxc6 Qxc6 13. e5 dxe5 14. fxe5 Rd8 15. Bd3 Rxd3 16. cxd3 Ng4 17. Bg5 Bxg5 18. Qxg5 h5 19. Ne4 Bb7 20. Qxh5 Nh6 21. Qg5 Qc2 22. Nf6+ Kf8 23. Nh5 Nf5 24. Rxf5 exf5 25. Rc1 Qxb2 26. Qxg7+ Ke8 27. Nf6+ Ke7 28. Rc7+ Ke6 29. Qxf7+ Kxe5 30. Ng4+ Kf4 31. Rc4+ Kg5 32. h4+ Kxh4 33. Qh7+ 1-0

[Event "Uxbridge op"]
[Site "Denham"]
[Date "2009.02.21"]
[Round "2"]
[White "Webb, Matthew"]
[Black "Quinn, Joseph R"]
[Result "1-0"]
[WhiteElo "1970"]
[BlackElo "1835"]
[PlyCount "127"]
[EventDate "2009.02.20"]
[EventType "swiss"]
[EventRounds "5"]
[EventCountry "ENG"]
[SourceTitle "EXT 2011"]
[Source "ChessBase"]
[SourceDate "2010.11.26"]
[SourceVersion "1"]
[SourceVersionDate "2010.11.26"]
[SourceQuality "1"]

1. e4 e5 2. Nf3 Nc6 3. Bc4 Nf6 4. d4 exd4 5. e5 d5 6. Bb5 Ne4 7. Nxd4 Bd7 8. Nxc6 bxc6 9. Bd3 Bc5 10. Bxe4 dxe4 11. Qe2 Bf5 12. Nc3 Qd4 13. Be3 Qb4 14. 0-0 0-0 15. a3 Qxb2 16. Na4 Qxe5 17. Nxc5 Rfd8 18. Rad1 Rd6 19. Rxd6 cxd6 20. Nb3 Qb2 21. Qd2 Qxa3 22. Ra1 Qb2 23. Bd4 e3 24. Bxb2 exd2 25. Nxd2 Bxc2 26. Rc1 Ba4 27. Ne4 Rb8 28. Ba3 d5 29. Nc3 Bb3 30. Rb1 Re8 31. Bc5 a6 32. f3 Bc4 33. Rb6 Rc8 34. Kf2 a5 35. Ke3 f6 36. Rb7 Ra8 37. Kd4 a4 38. Ba3 Bf1 39. g3 Bg2 40. f4 Bf3 41. Rc7 Ra6 42. Kc5 h6 43. Na2 Ra5+ 44. Kd4 Ra8 45. Nb4 Re8 46. Rxc6 Re4+ 47. Kd3 d4 48. Rc8+ Kf7 49. Nc2 Re2 50. Nxd4 Ra2 51. Rc7+ Kg8 52. Rc8+ Kf7 53. Rc7+ Kg8 54. Nxf3 Rxa3+ 55. Rc3 Ra2 56. Rc2 Ra3+ 57. Ke4 f5+ 58. Kxf5 Rxf3 59. Kg6 Kf8 60. Rc8+ Ke7 61. Ra8 Rf2 62. Ra7+ Ke6 63. f5+ Rxf5 64. Ra6+ 1-0

[Event "Gibraltar Challengers1"]
[Site "Gibraltar"]
[Date "2009.01.28"]
[Round "2"]
[White "Quinn, Joseph R"]
[Black "Pettersen, Joar Gullestad"]
[Result "1/2-1/2"]
[WhiteElo "1835"]
[BlackElo "2016"]
[PlyCount "41"]
[EventDate "2009.01.27"]
[EventType "tourn"]
[EventRounds "5"]
[EventCountry "ENG"]
[SourceTitle "EXT 2010"]
[Source "ChessBase"]
[SourceDate "2010.11.25"]
[SourceVersion "1"]
[SourceVersionDate "2010.11.25"]
[SourceQuality "1"]

1. e4 e5 2. Nf3 Nc6 3. d4 exd4 4. Bc4 Nf6 5. 0-0 Nxe4 6. Re1 d5 7. Bxd5 Qxd5 8. Nc3 Qa5 9. Nxe4 Be6 10. Bd2 Bb4 11. c3 dxc3 12. bxc3 Be7 13. c4 Qh5 14. Bg5 Bxg5 15. Nexg5 0-0 16. Nxe6 fxe6 17. Rxe6 Rae8 18. Rxe8 Rxe8 19. Rb1 Nd8 20. Qd4 c5 21. Qd6 1/2-1/2

[Event "Hastings Masters op 84th"]
[Site "Hastings"]
[Date "2009.01.03"]
[Round "7"]
[White "Quinn, Joseph R"]
[Black "Foord, Dominic"]
[Result "0-1"]
[WhiteElo "1846"]
[BlackElo "2043"]
[PlyCount "52"]
[EventDate "2008.12.28"]
[EventType "swiss"]
[EventRounds "9"]
[EventCountry "ENG"]
[SourceTitle "CBM 128 Extra"]
[Source "ChessBase"]
[SourceDate "2009.03.05"]
[SourceVersion "2"]
[SourceVersionDate "2009.03.25"]
[SourceQuality "1"]

1. e4 e5 2. Nf3 d6 3. d4 exd4 4. Nxd4 Nf6 5. Nc3 Be7 6. Bf4 0-0 7. Qd2 c6 8. 0-0-0 b5 9. e5 b4 10. exf6 bxc3 11. Qxc3 Bxf6 12. Qg3 Qb6 13. c3 d5 14. Bd6 Re8 15. Bc7 Qb7 16. Nb3 Na6 17. Bd6 Qb6 18. Bd3 c5 19. Rhe1 Be6 20. Bxa6 Qxa6 21. Nxc5 Qxa2 22. Nxe6 fxe6 23. Qh3 d4 24. Bb4 a5 25. Bc5 dxc3 26. bxc3 Rab8 0-1

[Event "Hastings Masters op 84th"]
[Site "Hastings"]
[Date "2008.12.31"]
[Round "4"]
[White "Quinn, Joseph R"]
[Black "Ledger, Dave J"]
[Result "0-1"]
[WhiteElo "1846"]
[BlackElo "2254"]
[PlyCount "102"]
[EventDate "2008.12.28"]
[EventType "swiss"]
[EventRounds "9"]
[EventCountry "ENG"]
[SourceTitle "CBM 128 Extra"]
[Source "ChessBase"]
[SourceDate "2009.03.05"]
[SourceVersion "2"]
[SourceVersionDate "2009.03.25"]
[SourceQuality "1"]

1. e4 e5 2. Nf3 Nc6 3. d4 exd4 4. Bc4 Nf6 5. 0-0 Be7 6. Nxd4 0-0 7. Nc3 d6 8. Be2 Re8 9. f4 d5 10. Nxc6 bxc6 11. e5 Bc5+ 12. Kh1 Ne4 13. Nxe4 dxe4 14. Qxd8 Rxd8 15. a3 a5 16. h3 a4 17. Bc4 h5 18. f5 Re8 19. e6 fxe6 20. Re1 Kf8 21. fxe6 Bxe6 22. Bxe6 Rxe6 23. Be3 Bd6 24. Re2 Rb8 25. Bd4 c5 26. Bc3 Kg8 27. Rf1 Rf8 28. Rxf8+ Kxf8 29. Bd2 Ke7 30. Bg5+ Kd7 31. Bc1 Bg3 32. Bd2 Rb6 33. Bc3 Rd6 34. Bd2 h4 35. Kg1 Kc6 36. Kf1 Kd5 37. Bc3 g6 38. Bd2 Be5 39. c3 Bg3 40. Be1 Rf6+ 41. Kg1 Bxe1 42. Rxe1 Rf4 43. Re2 Kc4 44. Re3 Kb3 45. Re2 Ka2 46. Kh2 Kb1 47. g3 hxg3+ 48. Kxg3 g5 49. Rh2 Kc1 50. h4 Rxh4 51. Rxh4 gxh4+ 0-1

[Event "Hastings Masters op 84th"]
[Site "Hastings"]
[Date "2008.12.28"]
[Round "1"]
[White "Quinn, Joseph R"]
[Black "Griffiths, Ryan Rhys"]
[Result "0-1"]
[WhiteElo "1846"]
[BlackElo "2107"]
[PlyCount "58"]
[EventDate "2008.12.28"]
[EventType "swiss"]
[EventRounds "9"]
[EventCountry "ENG"]
[SourceTitle "CBM 128 Extra"]
[Source "ChessBase"]
[SourceDate "2009.03.05"]
[SourceVersion "2"]
[SourceVersionDate "2009.03.25"]
[SourceQuality "1"]

1. e4 c5 2. Nf3 d6 3. d4 cxd4 4. Nxd4 Nf6 5. Nc3 a6 6. Be3 e6 7. Be2 Be7 8. a4 0-0 9. f4 Nc6 10. Qd2 Qc7 11. Bf3 Na5 12. Be2 Nc4 13. Bxc4 Qxc4 14. Qd3 Qc7 15. Qe2 b6 16. 0-0 Bb7 17. Bf2 Rfe8 18. Rad1 Rac8 19. e5 Nd5 20. Nxd5 Bxd5 21. Qxa6 dxe5 22. fxe5 Qxe5 23. Qxb6 Bd6 24. Bg3 Qe4 25. Rd2 Bc5 26. Qb5 Bxd4+ 27. Kh1 Bc4 28. Rf4 Qe3 29. Qb4 Qg1# 0-1

[Event "BCF-chT4 0708 (4NCL) friendly repaired"]
[Site "England"]
[Date "2008.05.03"]
[Round "9"]
[White "Quinn, Joseph R"]
[Black "Williams, Peter Arthur"]
[Result "0-1"]
[WhiteElo "1834"]
[BlackElo "1842"]
[PlyCount "48"]
[EventDate "2007.10.27"]
[EventCountry "ENG"]
[SourceTitle "EXT 2009"]
[Source "ChessBase"]
[SourceDate "2008.11.26"]
[SourceVersion "1"]
[SourceVersionDate "2008.11.26"]
[SourceQuality "1"]
[WhiteTeam "Guildford V"]
[BlackTeam "Guildford V"]
[WhiteTeamCountry "ENG"]
[BlackTeamCountry "ENG"]

1. e4 e6 2. d4 d5 3. e5 c5 4. c3 Qb6 5. Nf3 Nc6 6. Be2 Bd7 7. 0-0 Be7 8. Re1 Nh6 9. Bxh6 Qxb2 10. Be3 Qxa1 11. Qd2 cxd4 12. Nxd4 Nxd4 13. Bxd4 Rc8 14. Rd1 Bc5 15. Na3 Qxd1+ 16. Qxd1 Bxa3 17. Qb3 Bc5 18. Qxb7 Bxd4 19. cxd4 Rc1+ 20. Bf1 a5 21. h3 Ke7 22. Qb6 Rhc8 23. g3 Ra1 24. Qxa5 Rcc1 0-1

[Event "Gibraltar Challengers"]
[Site "Gibraltar"]
[Date "2008.01.26"]
[Round "5"]
[White "Suez Panama, Gilles"]
[Black "Quinn, Joseph R"]
[Result "1/2-1/2"]
[WhiteElo "2099"]
[BlackElo "1750"]
[PlyCount "32"]
[EventDate "2008.01.22"]
[EventType "swiss"]
[EventRounds "5"]
[EventCountry "ENG"]
[SourceTitle "CBM 122 Extra"]
[Source "ChessBase"]
[SourceDate "2008.03.04"]
[SourceVersion "1"]
[SourceVersionDate "2008.03.04"]
[SourceQuality "1"]

1. d4 d5 2. Nf3 Nf6 3. c4 e6 4. g3 c6 5. Bg2 Nbd7 6. Qc2 Be7 7. 0-0 0-0 8. Rd1 b6 9. Nc3 Bb7 10. cxd5 cxd5 11. Bg5 Rc8 12. Rac1 Ne4 13. Bxe7 Qxe7 14. Qb3 Nxc3 15. Rxc3 Rxc3 16. Qxc3 Rc8 1/2-1/2